|
|
|
|
| LEADER |
02743nam a22004815i 4500 |
| 001 |
978-3-319-19971-9 |
| 003 |
DE-He213 |
| 005 |
20151204155721.0 |
| 007 |
cr nn 008mamaa |
| 008 |
150811s2015 gw | s |||| 0|eng d |
| 020 |
|
|
|a 9783319199719
|9 978-3-319-19971-9
|
| 024 |
7 |
|
|a 10.1007/978-3-319-19971-9
|2 doi
|
| 040 |
|
|
|d GrThAP
|
| 050 |
|
4 |
|a R895-920
|
| 072 |
|
7 |
|a MMPF
|2 bicssc
|
| 072 |
|
7 |
|a MED098000
|2 bisacsh
|
| 082 |
0 |
4 |
|a 616.07543
|2 23
|
| 100 |
1 |
|
|a Bault, Jean-Philippe.
|e author.
|
| 245 |
1 |
4 |
|a The Normal and Pathological Fetal Brain
|h [electronic resource] :
|b Ultrasonographic Features /
|c by Jean-Philippe Bault, Laurence Loeuillet.
|
| 250 |
|
|
|a 1st ed. 2015.
|
| 264 |
|
1 |
|a Cham :
|b Springer International Publishing :
|b Imprint: Springer,
|c 2015.
|
| 300 |
|
|
|a VIII, 313 p. 344 illus., 316 illus. in color.
|b online resource.
|
| 336 |
|
|
|a text
|b txt
|2 rdacontent
|
| 337 |
|
|
|a computer
|b c
|2 rdamedia
|
| 338 |
|
|
|a online resource
|b cr
|2 rdacarrier
|
| 347 |
|
|
|a text file
|b PDF
|2 rda
|
| 505 |
0 |
|
|a First Part: The Normal Brain -- Brief Review of Embryology -- Ultrasound Images of the Normal Brain -- Detailed Study of Certain Brain Structures -- Brain Biometrics -- Tips And Traps: Choosing the Right Route of Approach, Transvaginal Approach, Moving the Fetus, 3D Ultrasound -- Second Part: The Pathological Brain -- First Trimester Pathologies -- Second and Third Trimester Pathologies -- Third Part: Biometric Tables -- Conclusion.
|
| 520 |
|
|
|a This book provides assistance in preparing for and conducting screening or diagnostic ultrasound examinations of the fetal brain in all stages of pregnancy. Readers are provided with: abundantly illustrated descriptions of studies conducted on normal brain structures using all conventional and 3D/4D ultrasound techniques; a detailed description of the main structures of the brain; photographs of fetal pathology specimens that may be used to compare the results of imaging techniques with the anatomical reality; and practical advice and technical tips. The second part of this book presents a clear and informative overview of fetal brain pathologies, combining a wealth of detailed images and precise descriptions.
|
| 650 |
|
0 |
|a Medicine.
|
| 650 |
|
0 |
|a Obstetrics.
|
| 650 |
|
0 |
|a Radiology.
|
| 650 |
|
0 |
|a Pathology.
|
| 650 |
1 |
4 |
|a Medicine & Public Health.
|
| 650 |
2 |
4 |
|a Ultrasound.
|
| 650 |
2 |
4 |
|a Obstetrics/Perinatology.
|
| 650 |
2 |
4 |
|a Pathology.
|
| 700 |
1 |
|
|a Loeuillet, Laurence.
|e author.
|
| 710 |
2 |
|
|a SpringerLink (Online service)
|
| 773 |
0 |
|
|t Springer eBooks
|
| 776 |
0 |
8 |
|i Printed edition:
|z 9783319199702
|
| 856 |
4 |
0 |
|u http://dx.doi.org/10.1007/978-3-319-19971-9
|z Full Text via HEAL-Link
|
| 912 |
|
|
|a ZDB-2-SME
|
| 950 |
|
|
|a Medicine (Springer-11650)
|